[Event "ROM-ch U12"]
[Site "Calimanesti Caciulata"]
[Date "2019.04.22"]
[Round "9"]
[White "Rosca, Mario Andrei"]
[Black "Dachi, Mihai Iulian"]
[Result "1-0"]
[WhiteElo "1337"]
[BlackElo "1102"]
[PlyCount "79"]
[EventDate "2019.04.15"]
[EventType "swiss"]
[EventRounds "9"]
[EventCountry "ROU"]
[SourceTitle "CBM 190 Extra"]
[Source "ChessBase"]
[SourceDate "2019.07.15"]
[SourceVersion "1"]
[SourceVersionDate "2019.07.15"]
[SourceQuality "1"]

1. e4 e5 2. Nf3 Nc6 3. Bc4 Bc5 4. b4 Bxb4 5. c3 Bc5 6. d4 exd4 7. cxd4 Bb4+ 8. Bd2 Bxd2+ 9. Qxd2 Nf6 10. Nc3 d6 11. 0-0 0-0 12. h3 Re8 13. Rfe1 b6 14. Bb5 Na5 15. Bxe8 Qxe8 16. e5 dxe5 17. Rxe5 Qd8 18. Qe2 Bb7 19. Rd1 Nc6 20. Re3 h6 21. Ne5 Nxd4 22. Qc4 c5 23. Qxf7+ Kh7 24. Qxb7 b5 25. a3 a5 26. Nc6 Qf8 27. Nxd4 cxd4 28. Rxd4 Rb8 29. Qe7 Qg8 30. Re6 b4 31. axb4 axb4 32. Ne4 Nxe4 33. Rexe4 b3 34. Rb4 b2 35. Re1 Rxb4 36. Qxb4 Qa2 37. Qe4+ Kg8 38. Qb1 Qb3 39. Re2 Qd5 40. Rxb2 1-0

[Event "ROM-ch U12"]
[Site "Calimanesti Caciulata"]
[Date "2019.04.16"]
[Round "2"]
[White "Rosca, Mario Andrei"]
[Black "Botea, David Alexandru"]
[Result "1-0"]
[WhiteElo "1337"]
[BlackElo "1740"]
[PlyCount "77"]
[EventDate "2019.04.15"]
[EventType "swiss"]
[EventRounds "9"]
[EventCountry "ROU"]
[SourceTitle "CBM 190 Extra"]
[Source "ChessBase"]
[SourceDate "2019.07.15"]
[SourceVersion "1"]
[SourceVersionDate "2019.07.15"]
[SourceQuality "1"]

1. e4 e5 2. Nf3 Nc6 3. Bc4 Nf6 4. d3 Be7 5. Nc3 0-0 6. Be3 d6 7. h3 Na5 8. Bb3 c5 9. 0-0 h6 10. Nd5 Nxb3 11. Nxe7+ Qxe7 12. axb3 Ne8 13. Qd2 f5 14. exf5 Bxf5 15. Rfe1 Bxh3 16. Nxe5 Qxe5 17. gxh3 Qh5 18. Kg2 Rf3 19. Rh1 Nc7 20. Rag1 Raf8 21. Qe1 Nd5 22. Bd2 Qf5 23. Rf1 Qg6+ 24. Kh2 Rxh3+ 25. Kxh3 Qh5+ 26. Kg2 Qg4+ 27. Kh2 Rf3 28. Qe8+ Rf8 29. Qe4 Nf4 30. Bxf4 Rxf4 31. Qg2 Qf5 32. f3 Qe5 33. Qg3 Qf6 34. Kg2 Rf5 35. f4 Qxb2 36. Rf2 Kh7 37. Qg4 Rf6 38. f5 Qe5 39. Qe4 1-0